Second Review of the Implementation of Government Finance Statistics Framework to Strengthen Fiscal Analysis.

This paper reports on the further developments since 2013 in the implementation of the 2010 Board decision concerning Government Finance Statistics (GFS) to Strengthen Fiscal Analysis, and develops a path to continued improvement of fiscal data in the Fund. The Board decision approved (i) developing...

詳細記述

書誌詳細
団体著者: International Monetary Fund
フォーマット: 雑誌
言語:English
出版事項: Washington, D.C. : International Monetary Fund, 2017.
シリーズ:Policy Papers; Policy Paper ; No. 2017/027
オンライン・アクセス:Full text available on IMF
LEADER 01893cas a2200241 a 4500
001 AALejournalIMF020671
008 230101c9999 xx r poo 0 0eng d
020 |c 5.00 USD 
020 |z 9781498346764 
022 |a 2663-3493 
040 |a BD-DhAAL  |c BD-DhAAL 
110 2 |a International Monetary Fund. 
245 1 0 |a Second Review of the Implementation of Government Finance Statistics Framework to Strengthen Fiscal Analysis. 
264 1 |a Washington, D.C. :  |b International Monetary Fund,  |c 2017. 
300 |a 1 online resource (37 pages) 
490 1 |a Policy Papers 
500 |a <strong>Off-Campus Access:</strong> No User ID or Password Required 
500 |a <strong>On-Campus Access:</strong> No User ID or Password Required 
506 |a Electronic access restricted to authorized BRAC University faculty, staff and students 
520 3 |a This paper reports on the further developments since 2013 in the implementation of the 2010 Board decision concerning Government Finance Statistics (GFS) to Strengthen Fiscal Analysis, and develops a path to continued improvement of fiscal data in the Fund. The Board decision approved (i) developing a staggered migration strategy, including tailored capacity development inside and outside the Fund taking into consideration country-specific and fiscal surveillance needs; (ii) encouraging staff to continue the effort to routinely assess financial balance sheets during surveillance; (iii) gradually expanding the coverage of fiscal data, taking into consideration country-specific circumstances and fiscal risk assessments; and (iv) reaffirming the support for the phased implementation of the GFS over the medium term. 
538 |a Mode of access: Internet 
830 0 |a Policy Papers; Policy Paper ;  |v No. 2017/027 
856 4 0 |z Full text available on IMF  |u http://elibrary.imf.org/view/journals/007/2017/027/007.2017.issue-027-en.xml  |z IMF e-Library